Theologiae moralis (Record no. 8238)

MARC details
000 -CABECERA
campo de control de longitud fija 01602nam a2200325 a 4500
001 - NÚMERO DE CONTROL
campo de control BRCA_8575
005 - FECHA Y HORA DE LA ÚLTIMA TRANSACCIÓN
campo de control 20190320210332.0
008 - DATOS DE LONGITUD FIJA--INFORMACIÓN GENERAL
campo de control de longitud fija 190816s1719----it-#######---#000-0#lat-#
041 ## - CÓDIGO DE LENGUA
Código de lengua del texto/banda sonora o título independiente lat
044 ## - CÓDIGO DEL PAÍS DE LA ENTIDAD EDITORA/PRODUCTORA
Código MARC del país it
050 #4 - SIGNATURA TOPOGRÁFICA DE LA BIBLIOTECA DEL CONGRESO
Número de clasificación BV4625
Número de documento/Ítem .L39
-- 1719
100 1# - ENTRADA PRINCIPAL--NOMBRE DE PERSONA
Nombre de persona Laymann, Paulo
9 (RLIN) 21472
245 10 - MENCIÓN DE TÍTULO
Título Theologiae moralis
Resto del título in quinque libros partitae quibus materiae omnes practicae cum ad externum eccesiasticum tum internum conscientiae forum spectantes nova methodo explicantur
Mención de responsabilidad, etc. Paulo Laymann.
260 ## - PUBLICACIÓN, DISTRIBUCIÓN, ETC.
Lugar de publicación, distribución, etc. Venetiis
Nombre del editor, distribuidor, etc. Apud jo baptistam idrich
Fecha de publicación, distribución, etc. 1719
300 ## - DESCRIPCIÓN FÍSICA
Extensión T.I y T.II (con varias paginaciones)
Dimensiones 34 cm
500 ## - NOTA GENERAL
Nota general Fondo antiguo
500 ## - NOTA GENERAL
Nota general Se encuentra en Caja Fuerte
500 ## - NOTA GENERAL
Nota general CO-1392
500 ## - NOTA GENERAL
Nota general En portada: Superiorum permissu, ac privilegio
500 ## - NOTA GENERAL
Nota general Portada impresa en dos tintas negro y rojo, con grabado
500 ## - NOTA GENERAL
Nota general Incluye tabla de contenido
500 ## - NOTA GENERAL
Nota general Texto a dos columnas
500 ## - NOTA GENERAL
Nota general Estado físico: daño por polilla en las páginas del documento y manchas de humedad
500 ## - NOTA GENERAL
Nota general Nota de encuadernación: en piel pergamino, deteriorada de las tapas y desgastada del lomo
505 0# - NOTA DE CONTENIDO CON FORMATO
Nota de contenido con formato Liber I de generalibus moralis theologia principis.-- Liber II de theoligis virtutibus, fide, spe, & Charitate.-- Liber III de justitia, & jure caeterisque cardinalibus virtutibus.-- Tomus II liber IV de virtute, & statu religionis.-- Liber V de sacramentis, & sacrificio nouae legis
506 0# - NOTA DE RESTRICCIONES AL ACCESO
Limitaciones de acceso Fondo reservado: para su consulta es necesario credencial de usuario y carta de motivos
650 14 - PUNTO DE ACCESO ADICIONAL DE MATERIA--TÉRMINO DE MATERIA
Término de materia o nombre geográfico como elemento de entrada Teología moral
9 (RLIN) 21473
902 ## - CATALOGADOR
Iniciales LAR
942 ## - ELEMENTOS DE PUNTO DE ACCESO ADICIONAL (KOHA)
Fuente del sistema de clasificación o colocación Library of Congress Classification
Tipo de ítem Koha Libros
Holdings
Estado de retiro Estado de pérdida Estado dañado No para préstamo Localización permanente Ubicación/localización actual Fecha de adquisición Número de inventario Total de préstamos Signatura topográfica completa Código de barras Fecha visto por última vez Precio válido a partir de Tipo de ítem Koha Código de colección
El ejemplar forma parte de la colección y puede ser consultado según las políticas vigentes.       Biblioteca del Museo Franz Mayer (Rogerio Casas-Alatriste) Biblioteca del Museo Franz Mayer (Rogerio Casas-Alatriste) 19/08/2016 CO-1392   BV4625 .L39 1719 (CO-1392) LAR00079 22/03/2019 22/03/2019 Libros  
El ejemplar forma parte de la colección y puede ser consultado según las políticas vigentes.       Biblioteca del Museo Franz Mayer (Rogerio Casas-Alatriste) Biblioteca del Museo Franz Mayer (Rogerio Casas-Alatriste) 22/12/2016 CO-1392   BV4625 .L39 1719 (CO-1392) LAR00080 22/03/2019 22/03/2019 Libros Libros Antiguos y Raros